Statistics for Similar Flags #1

Click here to take the quiz!

General Stats

  • This quiz has been taken 27,981 times
  • The average score is 17 of 22

Answer Stats

Answer % Correct
United States
100%
Australia
98%
New Zealand
96%
Turkey
93%
Russia
92%
Argentina
92%
Netherlands
89%
Uruguay
82%
Colombia
82%
Romania
80%
Qatar
77%
Luxembourg
74%
Thailand
74%
Tunisia
69%
Ecuador
69%
Bahrain
67%
Liberia
65%
Andorra
63%
Costa Rica
62%
Tanzania
56%
Chad
55%
Saint Kitts and Nevis
38%

Score Distribution

Percentile by Number Answered

Percent of People with Each Score

Your Score History

You have not taken this quiz